01069 2200349 4500001002100000005001500021035002000036007000300056008004100059020002200100082001400122084001600136100002100152245017000173250004600343260003300389300003800422650001800460700002000478700002300498700002700521700002000548700001800568700001600586040001700602090001800619850001200637041000800649490002600657990001800683990001800701INLIS00000000081722420181115083558 a0010-1018000104ta181005s2017 jbia j 1 ind d a978-602-420-463-104223a741.5 a741.5 EVA s0 aEvagelina Tessia1 aSekolah angker /ccerita, Evagelina Tessia, Melly Wulandari, Regina Dwi Cantika; gambar oleh, Adhi Kurniawan, Irfan Mahardika, Mustafa Kamal; penyunting, Ahmad Mahdi aCetakan I, Dzulqa'dah 1438 H/Agustus 2017 aBandung :bDar! Mizan,c2017 a122 halaman :bilustrasi ;c19 cm 4aKomik, Bacaan0 aMelly Wulandari0 aRegina Dwi Cantika0 aAdhi Kurniawan,d1989-0 aIrfan Mahardika0 aMustafa Kamal0 aAhmad Mahdi aYOPDYOGbind aK 741.5 EVA s aYOPDYOG0 aind aSeri komik fantasteen a36054-PD/B.18 a36055-PD/B.18